000 00281nam a2200097Ia 4500
001 1251370
005 20251031150914.0
008 251031s9999 xx 000 0 und d
245 0 _cSORREL ANDERSON
_aS-1 SAKAR FARELER OKULU KARIŞTIRIYOR
260 _bTÜRKİYE İŞ BANKASI YAYINLARI
999 _c1251370
_d1251370